El espíritu de san Francisco de Sales, obispo y príncipe de Ginebra /
San Francisco de Sales (1567-1622), obispo de Ginebra, teólogo y doctor en derecho y fundador de la Orden de la Visitación de Nuestra Señora, junto con Santa Juana de Chantal. Una parte de su educación lo realizó en un colegio de jesuitas y estando en la universidad contó con la dirección espiritual...
Shranjeno v:
| Drugi avtorji: | |
|---|---|
| Format: | Knjiga |
| Jezik: | španščina |
| Izdano: |
Barcelona, España :
Librería Religiosa,
1863
|
| Teme: | |
| Oznake: |
Brez oznak, prvi označite!
|
MARC
| LEADER | 00000nam^a2200000^a^4500 | ||
|---|---|---|---|
| 001 | 000382538 | ||
| 005 | 20250526000000.0 | ||
| 009 | 20260310120747.586 | ||
| 037 | |a Acervo Xavier Clavigero | ||
| 041 | |a ESP | ||
| 082 | |a 200. 92 |b ESP | ||
| 245 | 0 | 3 | |a El espíritu de san Francisco de Sales, obispo y príncipe de Ginebra / |c Tr. por S. de Jocano y Madaria. |
| 264 | 1 | |a Barcelona, España : |b Librería Religiosa, |c 1863 | |
| 300 | |a 430 p. ; |c 19.5 cm. | ||
| 336 | |a texto |b txt |2 rdacontenido | ||
| 337 | |a sin mediación |b n |2 rdamedio | ||
| 338 | |a volumen |b nc |2 rdasoporte | ||
| 520 | |a San Francisco de Sales (1567-1622), obispo de Ginebra, teólogo y doctor en derecho y fundador de la Orden de la Visitación de Nuestra Señora, junto con Santa Juana de Chantal. Una parte de su educación lo realizó en un colegio de jesuitas y estando en la universidad contó con la dirección espiritual de alguno de ellos; su santo patrono durante toda su vida fue San Francisco de Asís. Fue canonizado en 1665 y declarado doctor de la Iglesia en 1877; es considerado patrono de la familia salesiana y de los periodistas. Sus obras tratan sobre el amor de Dios, vida espiritual, reglas de vida religiosa, práctica cristiana, sermones, correspondencias, entre otros. | ||
| 649 | |a XX | ||
| 650 | |a Santos Franceses - |x Biografías | ||
| 650 | |a Obispos de Francia - |x Biografías | ||
| 650 | |a Iglesia Católica en Europa - |x Historia - |y 1517-1648 | ||
| 650 | |a Vida Espiritual | ||
| 650 | |a Espiritualidad | ||
| 650 | |a Catolicismo | ||
| 650 | |a Cristianismo | ||
| 650 | |a Religión | ||
| 650 | |a Sales, Francisco de, |c Santo - |x Tema Principal | ||
| 700 | |a Jocano y Madaria, Sebastián de |e (traducción) | ||
| 910 | |a Fondo General | ||
| 920 | |a Impresos - Libros | ||
| 930 | |a Libros Antiguos y Raros | ||
| 905 | |a 108 | ||
| 901 | |a 0500277964 |b IT2 |c LRA |i FXC D2748 |u 20250526 | ||
| 902 | |a https://opac.biblio.iteso.mx/vufind/Record/000382538 | ||